000
00328nam a2200145Ia 4500
008
230917s9999||||xx |||||||||||||| ||und||
040
_e
147780
_a
MAIN
041
_a
English
082
_a
512.5 H117L
100
_a
Hadley, G
245
0
_a
Linear algebra
260
_a
Delhi
_b
Narosa
_c
1987
300
_a
ix, 290 p.
942
_c
BK
999
_c
76939
_d
76939